Atlas psov do vrecka

Bibliographic Details
Main Author: Fogle, Bruce, 1944- (Author)
Other Authors: Mikudová, Soňa (Translator)
Format: Book
Language:Slovak
English
Czech
PhysicalDescription:432 s. fotogr. 15 cm
Published: Praha Cesty 2002
ISBN:807181637X
Edition:2. slov. vyd.
Subjects:

MARC

LEADER 00000cam a2200000 a 4500
001 vtls008685832
003 SK-MaSNL
005 20260301080021.0
008 240318s2000 xr o g f 001 0 slo
020 |a 807181637X  |q (viaz.)  |z 8071814571 
035 |a MIZKGZ70847 
035 |a urn:nbn:sk:snk-am3ibgc 
035 |a urn:nbn:sk:snk-am00e0x4 
035 |a 3936C750-D93B-44C6-924A-0D03C3A3C73B 
040 |a SNK  |b slo  |c SNK  |e AACR2 
041 1 |a slo  |h eng  |h cze 
044 |a xr  |c CZ 
072 7 |a 636  |x Živočíšna výroba  |2 konspekt 
080 |a 636.7  |2 2001 
080 |a (084.4)  |2 2001 
080 |a (084.11)  |2 2001 
100 1 |a Fogle, Bruce,  |d 1944-  |4 aut  |9 216621 
240 1 0 |a Dogs  |l Slovensky 
245 1 0 |a Atlas psov do vrecka  |c Bruce Fogle ; [slovenský preklad Soňa Mikudová] 
250 |a 2. slov. vyd. 
260 |a Praha  |b Cesty  |c 2002  |e Martin  |f Neografia 
300 |a 432 s.  |b fotogr.  |c 15 cm 
500 |a A Dorling Kindersley book 
500 |a Vyd. Ottovo nakladatelství 
650 0 7 |a psy  |2 SNKPH  |9 1288 
655 7 |a atlasy  |2 SNKPH  |9 70424 
655 7 |a obrazové publikácie  |2 SNKPH  |9 70343 
655 7 |a príručky  |2 SNKPH  |9 74364 
700 1 |a Mikudová, Soňa  |4 trl  |9 401041 
919 |a 80-7181-637-X 
958 |a TL 
958 |a OP 
999 |c 651920  |d 653850 
952 |a SNK  |b SNK  |y PREZ  |7 0  |p 17A0517459  |o snkSE 11215  |i snk2006/14784  |8 1  |0 0  |1 0  |4 0  |d 2006-07-25  |f 1  |l 0  |r 2026-02-23 18:25:05  |w 2026-02-23 
952 |t snkFOG 636.7  |a SNKUST  |b SNKUST  |y PREZ  |7 0  |p 17A0570194  |o snkSE 11215 D1  |i snk2008/5459  |8 3  |g 8.93  |0 0  |1 0  |4 0  |d 2008-04-04  |l 0  |r 2025-03-21 00:00:00  |w 2026-02-23